000 00378nam a2200157Ia 4500
003 Ost
005 20260225132551.0
008 260225s9999||||xx |||||||||||||| ||und||
040 _cfsic
041 _afre
082 _a791.43
100 _aCatholique du cinema
_eAuteur
245 0 _aRépertoire general des film 1960 /
245 0 _cCatholique du cinema
942 _cكتاب
999 _c34146
_d34146